Principles of manual sports medicine / (Record no. 87410)
[ view plain ]
| 000 -LEADER | |
|---|---|
| fixed length control field | 02538nam a2200397 i 4500 |
| 082 04 - DEWEY DECIMAL CLASSIFICATION NUMBER | |
| Classification number | 617.1/027 |
| 100 1# - MAIN ENTRY--AUTHOR NAME | |
| Personal name | Karageanes, Steven J. |
| 245 10 - TITLE STATEMENT | |
| Title | Principles of manual sports medicine / |
| 300 ## - PHYSICAL DESCRIPTION | |
| Number of Pages | 1 online resource (700 pages) : |
| Other physical details | illustrations |
| 505 0# - FORMATTED CONTENTS NOTE | |
| Formatted contents note | Functional techniques -- High-velocity, low-amplitude technique -- Counterstrain technique -- Muscle energy techniques -- Myofascial release -- Joint play -- Physical medicine modalities -- Massage and soft tissue manipulation -- Exercise principles -- Exercise prescription -- Stretching -- Core stabilization in the athlete -- Throwing program -- Physical examination: overview and essentials -- Head and neck -- The shoulder -- The elbow -- The wrist and hand -- Thoracic spine -- Lumbosacral spine -- Hip and pelvis -- The knee -- Foot and ankle -- Gait analysis -- Baseball -- Basketball -- Cycling -- Dance -- Football -- Golf -- Gymnastics -- Ice hockey -- Lacrosse -- Martial arts -- Rowing -- Running -- Soccer -- Volleyball -- The industrial athlete -- The disabled athlete -- The geriatric athlete -- The emergency room athlete -- The pediatric athlete -- The pregnant athlete. |
| 650 #0 - SUBJECT ADDED ENTRY--TOPICAL TERM | |
| Topical Term | Sports injuries |
| Topical Term | Manipulation (Therapeutics) |
| Topical Term | Sports physical therapy. |
| 856 40 - ELECTRONIC LOCATION AND ACCESS | |
| Uniform Resource Identifier | http://site.ebrary.com/lib/rucke/Doc?id=10825440 |
| 264 #1 - | |
| -- | Philadelphia : |
| -- | Lippincott Williams & Wilkins, |
| -- | [2005] |
| -- | �2005 |
| 336 ## - | |
| -- | text |
| -- | rdacontent |
| 337 ## - | |
| -- | computer |
| -- | rdamedia |
| 338 ## - | |
| -- | online resource |
| -- | rdacarrier |
| 588 ## - | |
| -- | Description based on print version record. |
No items available.
